000
00244nam a2200097Ia 4500
008
240331s9999 xx 000 0 und d
082
_b
MAR
100
_a
Marx, Carl
245
0
_a
Moolathanam :
_b
arasiyal pPorulathara vimarsana pakupaivu
942
_c
L
999
_c
5534
_d
5534